| 000 | 00974nam a22002657a 4500 | ||
|---|---|---|---|
| 005 | 2010070201021.0 | ||
| 008 | 100702t xxu||||| |||| 00| 0 eng d | ||
| 010 | _aENG-96349 | ||
| 020 |
_a9788178357218 _c675.00 |
||
| 035 | _aEN-79882 | ||
| 037 | _bDBAD/PUB | ||
| 040 |
_aDPL _bENG |
||
| 082 | _a294.6 | ||
| 100 | _aHarjeet Singh | ||
| 245 |
_aFaith & philosophy of Sikhism / _cby Harjeet Singh |
||
| 260 |
_aDelhi _bKalpaz Publications _c2009 |
||
| 270 |
_aC-30, Satyawati Nagar _bDelhi _e110052 _k9212729499 _mkalpaz@hotmail.com |
||
| 300 |
_avii,323p. _c23cm (Hb) |
||
| 490 | _aIndian religions series: 4 | ||
| 500 | _aincludes bibliographical references (p. [307]-315) and Index | ||
| 650 | _aSikhism. | ||
| 650 | _aPhilosophy, Sikh. | ||
| 942 |
_2ddc _cEN _mHAR _h294.6 |
||
| 999 |
_c36790 _d36790 |
||